000 00630nam a2200217Ii 4500
001 2135
003 CO-ViMGA
008 241108s9999||||xx |||||||||||||| ||und||
020 _a8888405135
040 _aCO-ViMGA
_bspa
_erda
_cCO-ViMGA
041 0 _aspa
084 _aC FEN1
100 1 _aBeppe Fenoglio
_945194
245 1 0 _aPero mi amor es Paco
264 1 _a[Lugar de publicación no identificado] : Arci Solidarietà Cesenate, 2002
300 _avolumen
336 _atext
_btxt
_2rdacontent
337 _aunmediated
_bn
_2rdamedia
338 _avolume
_bnc
_2rdacarrier
940 _aidficha_siabuc: 2090. -- ficha_no_siabuc:2135
999 _c39694
_d39694